000 00661nam a22001577a 4500
003 OSt
005 20150926095809.0
008 150926b xxu||||| |||| 00| 0 eng d
040 _cRUA
082 _aAGR HON 2013 B054 Or.1
100 _91361
_aHONG, SANGNGIM.
245 _aEffect of different fresh water fish fertilizer contentration on growing of brassica chinensis ប្រសិទ្ធភាពនៃកំហាប់ជីត្រីទឹកសាបខុសៗគ្នាទៅលើការដុះលូតលាស់ដំណាំស្ពៃតឿ
260 _aPhnom Penh
_bRUA
_c2013
300 _ax; 48p.
_bill.
_c29cm.
942 _2ddc
_cAGR
999 _c1276
_d1276